Statistics for Oxford Dictionaries Top 1000 English Words - 180 (Or 181) Are 5 Letters Long

Click here to take the quiz!

General Stats

  • This quiz has been taken 8,896 times
  • The average score is 81 of 181

Answer Stats

Words% Correct
There
82%
About
79%
Where
76%
Could
75%
Which
74%
Their
73%
Think
73%
After
72%
Three
72%
Would
72%
Seven
70%
Great
69%
House
69%
Right
69%
Eight
68%
White
68%
Light
67%
Start
66%
Black
65%
Under
65%
Bring
63%
Drive
63%
Thing
63%
While
63%
Again
62%
Every
62%
Night
62%
Stand
62%
World
62%
Above
61%
Might
61%
Place
61%
Write
59%
Fight
58%
Leave
58%
Teach
58%
Allow
57%
Along
57%
Enter
57%
First
57%
Learn
57%
Speak
57%
Young
57%
Close
56%
Store
56%
Agree
55%
Break
55%
Never
55%
Other
55%
Share
55%
Drink
54%
Heart
54%
Small
54%
Water
54%
Whose
54%
Reach
53%
Train
53%
Month
52%
Woman
52%
State
51%
Watch
51%
Begin
50%
Among
49%
Child
49%
Clear
49%
Money
49%
Still
49%
Whole
49%
Wrong
49%
Round
48%
Spend
48%
Sport
48%
Offer
47%
Short
47%
Third
47%
Alone
46%
Catch
46%
Class
46%
Event
46%
Plant
46%
Cover
45%
Quite
45%
Treat
45%
Happy
44%
Sound
44%
Claim
43%
Death
43%
Party
43%
Story
43%
Carry
42%
Large
42%
Space
42%
Track
42%
Blood
41%
Later
41%
Price
41%
Study
41%
Trade
41%
Voice
41%
Apply
40%
Court
40%
Often
40%
Paper
40%
Prove
40%
Throw
40%
Build
39%
Press
39%
Table
39%
Worth
39%
Adult
38%
Cause
38%
Movie
38%
Score
38%
Color
37%
Level
37%
Serve
37%
Style
37%
Group
36%
Order
36%
Admit
35%
Award
35%
Check
35%
Early
35%
Force
35%
Match
35%
Music
35%
Phone
35%
Piece
35%
Since
35%
Total
35%
Point
34%
Raise
34%
Today
34%
Until
34%
Visit
34%
Argue
33%
Speed
33%
Stage
33%
Avoid
32%
Field
32%
Human
32%
Image
32%
Maybe
32%
Scene
32%
Sense
32%
Title
32%
Union
32%
Enjoy
31%
Final
31%
Local
31%
Power
31%
Stock
31%
Stuff
31%
Shoot
30%
Staff
30%
Front
29%
Value
29%
Crime
28%
Judge
28%
Limit
28%
Range
28%
Refer
28%
Skill
28%
Video
28%
Board
27%
Media
27%
Model
26%
Occur
26%
Trial
26%
Album
25%
Doubt
25%
Issue
25%
Legal
25%
Owner
25%
Basis
24%
Email
24%
Focus
24%
Chief
23%
Major
22%
Exist
21%
Coach
17%

Score Distribution

Percentile by Number Answered

Percent of People with Each Score

Your Score History

You have not taken this quiz